000
00310pam a2200145 a 4500
020
_c
041
_a
eng
082
_b
TAN
100
_a
Tandon Rajendra .
245
_a
Kalidasa the Raghuvamsham
_h
Textual Documents
250
_a
2010.
260
_a
[s.l]:
_b
Rupa CO
300
_a
893 pg .
930
_a
10637
999
_c
87541
_d
87541